Special Committee on Fundamental Education, 1946 (Record no. 271540)

MARC details
000 -LEADER
fixed length control field 00848nam a2200241Ia 4500
003 - CONTROL NUMBER IDENTIFIER
control field OSt
005 - DATE AND TIME OF LATEST TRANSACTION
control field 20220918221230.0
008 - FIXED-LENGTH DATA ELEMENTS--GENERAL INFORMATION
fixed length control field 220917b |||||||| |||| 00| 0 eng d
037 ## - SOURCE OF ACQUISITION
Terms of availability Textual
040 ## - CATALOGING SOURCE
Original cataloging agency ARTS
Transcribing agency ARTS
Language of cataloging eng
041 ## - LANGUAGE CODE
Source of code eng
Language code of text/sound track or separate title eng
110 ## - MAIN ENTRY--CORPORATE NAME
Corporate name or jurisdiction name as entry element United Nations Educational, Scientific And Cultural Organisation; PreParatory Commission. Special committee On Fundamental Education, 1946
9 (RLIN) 139647
245 #0 - TITLE STATEMENT
Title Special Committee on Fundamental Education, 1946
Remainder of title Report
260 ## - PUBLICATION, DISTRIBUTION, ETC.
Date of publication, distribution, etc. 1947
650 ## - SUBJECT ADDED ENTRY--TOPICAL TERM
Topical term or geographic name entry element EDUCATION
700 ## - ADDED ENTRY--PERSONAL NAME
Personal name United Nations Educational, Scientific And Cultural Organisation; PreParatory Commission. Special committee On Fundamental Education, 1946
9 (RLIN) 139648
942 ## - ADDED ENTRY ELEMENTS (KOHA)
Classification part T, H7
Koha item type Textual
Source of classification or shelving scheme Colon Classification (CC)
Holdings
Withdrawn status Lost status Damaged status Not for loan Home library Current library Date acquired Total Checkouts Full call number Barcode Date last seen Price effective from Koha item type
        Arts Library Arts Library 2022-09-18   T H7 AL0051377 2022-09-18 2022-09-18 Textual
Copyright @ Delhi University Library System